00614 2200193 4500001002100000005001500021007000300036008003900039022001300078035002000091082001500111084002100126100003400147245012500181260004100306300004200347650002000389650001100409INLIS00000000000106120241021092434ta241021 | | |  a20711050 a0010-1024000031 a631.53-634 a631.53-634 FRA e0 aFrancisco Vanies da Silva Sá1 aEcophysiology of Soursop Seedlings Irrigated with Fish Farming Effluent under NPK Doses /cFrancisco Vanies da Silva Sá aSwitzerland, Basel :bMDPI AG,c2024 a1-20 hlm, :bilus, ;c21 cm X 29,5 cm 4aBudidaya Sirsak 4aJurnal